| 000 | 00970nab a2200325 4500 | ||
|---|---|---|---|
| 003 | BR-BrBNA | ||
| 005 | 20250311215527.0 | ||
| 008 | 250311b bl.||||| |||| 00| 0 por d | ||
| 040 |
_aBR-BrBNA _bpor |
||
| 072 | _aP01 ; C20 | ||
| 100 | _aAndrade, Lívia | ||
| 100 | _aWainstein, Daniel | ||
| 245 |
_aA riqueza da caatinga _bAgronegócios |
||
| 500 | _a4 illus. | ||
| 650 | _aCAATINGA | ||
| 650 | _aBIOMA | ||
| 650 | _aRECURSO NATURAL | ||
| 650 | _aCAPACITAÇÃO | ||
| 650 | _aAGRICULTURA SUSTENTÁVEL | ||
| 650 | _aREFLORESTAMENTO | ||
| 650 | _aPECUÁRIA | ||
| 650 | _aAPICULTURA | ||
| 650 | _aTURISMO | ||
| 650 | _aBIODIVERSIDADE | ||
| 650 | _aPRESERVAÇÃO DA NATUREZA | ||
| 650 | _aSERGIPE | ||
| 773 | 0 |
_01706 _9347827 _dSão Paulo-SP Editora Três Ltda - E-mail: luizfsa@revistadinheiro.com.br 2004 _o2025-0328 _tDinheiro Rural (Brazil) _x1807-3700 _gv. 2(13) p. 76-78; (Nov 2005) _wBR2025000088 |
|
| 942 | _cANA | ||
| 999 |
_c330351 _d330351 |
||